000 00686nam a2200253Ia 4500
003 OSt
005 20221007103636.0
006 a|||||r|||| 00| 0
007 ta
008 221006b |||||||| |||| 00| 0 eng d
024 _a13,654
037 _cTextual
040 _aLCO
_cLCO
_beng
041 _2eng
_aeng
082 _aZ2,985, M0
100 _aRichardsons D.
_9705395
245 0 _aNegotiable Instruments and the Bills of Exchange Acts
250 _a6th
260 _aLondon
_bButterworths Great Britain
_c1980
300 _a225
650 _aNEGOTIABLE INSTRUMENT
_9700822
942 _hZ2,985, M0
_cTEXL
999 _c1183217
_d1183217